[Event "CAN-ch U14"]
[Site "Windsor"]
[Date "2015.07.08"]
[Round "4.27"]
[White "Zhao, Yuetong Davy"]
[Black "Liu, Zhanhe"]
[Result "1/2-1/2"]
[WhiteElo "1921"]
[BlackElo "1812"]
[PlyCount "69"]
[EventDate "2015.07.06"]
[EventType "swiss"]
[EventRounds "7"]
[EventCountry "CAN"]
[SourceTitle "EXT 2022"]
[Source "ChessBase"]
[SourceDate "2021.10.06"]
[SourceVersion "1"]
[SourceVersionDate "2021.10.06"]
[SourceQuality "1"]

1. e4 c5 2. Nf3 g6 3. d4 cxd4 4. Nxd4 Nc6 5. c4 Nf6 6. Nc3 d6 7. Be2 Nxd4 8. Qxd4 Bg7 9. 0-0 0-0 10. Bg5 Be6 11. Qd2 Rc8 12. b3 b5 13. Rad1 bxc4 14. bxc4 a6 15. Bd3 Re8 16. Nd5 Nd7 17. f4 Bxd5 18. exd5 Qb6+ 19. Kh1 Nc5 20. f5 Nxd3 21. Qxd3 Qa5 22. Qe4 Qxa2 23. fxg6 fxg6 24. Bxe7 Qxc4 25. Qe6+ Kh8 26. Qxd6 Qc7 27. Qxc7 Rxc7 28. d6 Rd7 29. Rc1 Be5 30. Rc6 a5 31. Re1 Bg7 32. g4 Kg8 33. Kg2 a4 34. Re3 Bf8 35. Ra6 1/2-1/2

[Event "Aurora Summer op"]
[Site "Aurora"]
[Date "2014.07.06"]
[Round "4.12"]
[White "Issani, Nameer"]
[Black "Zhao, Yuetong Davy"]
[Result "1-0"]
[WhiteElo "1904"]
[BlackElo "2079"]
[PlyCount "67"]
[EventDate "2014.07.05"]
[EventType "swiss"]
[EventRounds "5"]
[EventCountry "CAN"]
[SourceTitle "EXT 2022"]
[Source "ChessBase"]
[SourceDate "2021.10.06"]
[SourceVersion "1"]
[SourceVersionDate "2021.10.06"]
[SourceQuality "1"]

1. e4 c5 2. Nf3 e6 3. d4 cxd4 4. Nxd4 a6 5. Nc3 Qc7 6. Be3 Nf6 7. Be2 Bc5 8. 0-0 d6 9. Qd2 0-0 10. Rad1 b5 11. a3 Bb7 12. f3 Nbd7 13. b4 Bxd4 14. Bxd4 e5 15. Bf2 Rac8 16. Be1 Qb6+ 17. Kh1 Rc6 18. Bd3 Rfc8 19. Ne2 Qc7 20. Ng3 Nf8 21. Nf5 g6 22. Bh4 d5 23. exd5 Nxd5 24. Nh6+ Kg7 25. Be4 Rd6 26. Ng4 f5 27. Qh6+ Kg8 28. Bxd5+ Bxd5 29. Nf6+ Kf7 30. Nxd5 Qc4 31. Ne3 Rxd1 32. Rxd1 Qe2 33. Re1 Qd2 34. Nxf5 1-0

[Event "Aurora Summer op"]
[Site "Aurora"]
[Date "2014.07.05"]
[Round "3.11"]
[White "Zhao, Yuetong Davy"]
[Black "Rofrano, Joshua M"]
[Result "1-0"]
[WhiteElo "2079"]
[BlackElo "2006"]
[PlyCount "42"]
[EventDate "2014.07.05"]
[EventType "swiss"]
[EventRounds "5"]
[EventCountry "CAN"]
[SourceTitle "EXT 2022"]
[Source "ChessBase"]
[SourceDate "2021.10.06"]
[SourceVersion "1"]
[SourceVersionDate "2021.10.06"]
[SourceQuality "1"]

1. e4 c5 2. Nf3 e6 3. d4 cxd4 4. Nxd4 Nf6 5. Nc3 d6 6. g4 h6 7. h4 Nc6 8. Nxc6 bxc6 9. Bg2 d5 10. g5 hxg5 11. hxg5 Rxh1+ 12. Bxh1 Nd7 13. exd5 cxd5 14. Qe2 Nb6 15. Bf4 Bb7 16. 0-0-0 Bd6 17. Be3 Be7 18. f4 Qc7 19. Kb1 0-0-0 20. f5 Kb8 21. Nb5 Ba6 1-0

[Event "Toronto op U2200"]
[Site "Toronto"]
[Date "2014.04.19"]
[Round "4"]
[White "Zhao, Yuetong Davy"]
[Black "Docheshmeh, Amir Mohammad"]
[Result "1-0"]
[WhiteElo "2033"]
[BlackElo "1636"]
[PlyCount "153"]
[EventDate "2014.04.18"]
[EventType "swiss"]
[EventRounds "6"]
[EventCountry "CAN"]
[SourceTitle "EXT 2022"]
[Source "ChessBase"]
[SourceDate "2021.10.06"]
[SourceVersion "1"]
[SourceVersionDate "2021.10.06"]
[SourceQuality "1"]

1. e4 e5 2. f4 exf4 3. Nf3 d5 4. exd5 Bd6 5. d4 Nf6 6. c4 b6 7. Nc3 Bd7 8. Bd3 0-0 9. 0-0 Ng4 10. Ne5 Ne3 11. Bxe3 fxe3 12. Qh5 g6 13. Qh6 Qe7 14. Ne4 f6 15. Nxd7 Nxd7 16. Nxd6 cxd6 17. Rae1 Rae8 18. Rf3 Qg7 19. Qxg7+ Kxg7 20. Rfxe3 Kf7 21. Re6 Nb8 22. Kf2 Rxe6 23. Rxe6 Rd8 24. Re1 Na6 25. a3 Nc7 26. b4 f5 27. Kf3 Kf6 28. b5 h6 29. g4 fxg4+ 30. Kxg4 Rd7 31. h4 Kg7 32. h5 g5 33. Bg6 Kg8 34. Kf5 Kf8 35. Kf6 Rg7 36. a4 Rd7 37. a5 bxa5 38. Ra1 Na8 39. Ke6 Rc7 40. c5 dxc5 41. Kd6 cxd4 42. Rxa5 Rb7 43. Ra4 Kg7 44. Bd3 Rb6+ 45. Kc5 Rb7 46. Rxd4 Nb6 47. d6 Kf6 48. Be4 Rf7 49. Bc6 Ke6 50. Ra4 Kf6 51. Be8 Rg7 52. Kc6 g4 53. d7 Nxd7 54. Bxd7 g3 55. Ra1 Kf7 56. Re1 Kf6 57. Kd6 Kg5 58. Be8 Kg4 59. Rg1 Kf3 60. Bc6+ Kf2 61. Ra1 g2 62. Ra2+ Kf1 63. Rxg2 Rxg2 64. Bxg2+ Kxg2 65. Kc7 Kg3 66. Kb7 Kg4 67. Kxa7 Kxh5 68. b6 Kg4 69. b7 h5 70. b8Q h4 71. Qh2 h3 72. Kb6 Kh4 73. Kc5 Kg4 74. Kd4 Kh4 75. Ke4 Kg4 76. Qg1+ Kh4 77. Kf4 1-0

[Event "Aurora Spring op"]
[Site "Aurora"]
[Date "2014.03.09"]
[Round "4.7"]
[White "Hua, Eugene"]
[Black "Zhao, Yuetong Davy"]
[Result "1/2-1/2"]
[WhiteElo "1966"]
[BlackElo "1892"]
[PlyCount "108"]
[EventDate "2014.03.08"]
[EventType "swiss"]
[EventRounds "5"]
[EventCountry "CAN"]
[SourceTitle "EXT 2022"]
[Source "ChessBase"]
[SourceDate "2021.10.06"]
[SourceVersion "1"]
[SourceVersionDate "2021.10.06"]
[SourceQuality "1"]

1. Nf3 Nf6 2. c4 g6 3. b4 Bg7 4. Bb2 c6 5. d3 0-0 6. g3 a5 7. a3 d5 8. Nbd2 Nbd7 9. Bg2 Re8 10. 0-0 e5 11. e3 b6 12. Qb3 Bb7 13. Bc3 Qc7 14. Rab1 a4 15. Qb2 Re7 16. Ne1 Ne8 17. d4 e4 18. cxd5 cxd5 19. b5 Bf8 20. Bb4 Re6 21. Rc1 Qd8 22. Bxf8 Nxf8 23. Nc2 Nd6 24. Rfe1 Re7 25. Bf1 Ne6 26. Nb4 Rc7 27. Nc6 Qe8 28. Ne5 Rac8 29. Rxc7 Rxc7 30. Qb4 Nc8 31. Qxa4 h5 32. Nb3 f6 33. Nc6 Bxc6 34. bxc6 Qxc6 35. Qxc6 Rxc6 36. Bb5 Rc7 37. Rc1 Rxc1+ 38. Nxc1 Nc7 39. Bc6 Ne7 40. Bd7 Kf7 41. Kf1 Ng8 42. Nb3 Ke7 43. Bh3 f5 44. Ke2 Nf6 45. Bf1 Kd6 46. a4 Kc6 47. h3 Nfe8 48. Kd2 Nd6 49. Kc3 Nb7 50. Kb4 g5 51. Be2 g4 52. h4 Nd6 53. Bf1 Nb7 54. Be2 Nd6 1/2-1/2

[Event "CAN-ch U12"]
[Site "Ottawa"]
[Date "2013.07.12"]
[Round "6"]
[White "Zhao, Yuetong Davy"]
[Black "Gedajlovic, Max"]
[Result "1-0"]
[WhiteElo "1873"]
[BlackElo "1875"]
[PlyCount "139"]
[EventDate "2013.07.10"]
[EventType "swiss"]
[EventRounds "6"]
[EventCountry "CAN"]
[SourceTitle "EXT 2022"]
[Source "ChessBase"]
[SourceDate "2021.10.06"]
[SourceVersion "1"]
[SourceVersionDate "2021.10.06"]
[SourceQuality "1"]

1. e4 c5 2. Nc3 Nc6 3. Bb5 g6 4. Bxc6 dxc6 5. f4 Bg7 6. Nf3 Nf6 7. d3 0-0 8. 0-0 Qc7 9. Qe1 b6 10. e5 Nd5 11. Ne4 Ba6 12. c4 Nb4 13. Qc3 Bb7 14. d4 Na6 15. dxc5 Rfd8 16. cxb6 axb6 17. c5 b5 18. Be3 Qb8 19. Rfd1 Rxd1+ 20. Rxd1 Nc7 21. a3 Nd5 22. Qe1 Bc8 23. Nc3 Be6 24. Nd4 Nxc3 25. Qxc3 Bd5 26. Nc2 e6 27. Nb4 Qc8 28. Nxd5 exd5 29. Bd4 Qe6 30. Ra1 Qg4 31. Qd2 Bh6 32. g3 g5 33. Be3 gxf4 34. Bxf4 Bxf4 35. Qxf4 Qxf4 36. gxf4 b4 37. a4 Ra5 38. Kf2 Rxc5 39. a5 Rb5 40. a6 Rb8 41. Rc1 Rb6 42. Ra1 Rb8 43. a7 Ra8 44. Ke3 c5 45. Ra5 Kf8 46. Rxc5 Rxa7 47. Rxd5 Rb7 48. Kd4 Kg7 49. Rd6 h5 50. Kc4 Rc7+ 51. Kb3 Rc1 52. Rd2 Rf1 53. Kxb4 Rxf4+ 54. Kc5 Rf1 55. Re2 Rc1+ 56. Kb5 Rc8 57. b4 Rb8+ 58. Kc5 Rc8+ 59. Kd6 Rb8 60. Rb2 Rb5 61. Kc6 Rxe5 62. b5 f5 63. b6 Re8 64. b7 Kf6 65. b8Q Rxb8 66. Rxb8 f4 67. Rb5 h4 68. h3 Kg6 69. Kd6 Kf6 70. Ra5 1-0

[Event "CAN-ch U10"]
[Site "Vancouver"]
[Date "2012.07.06"]
[Round "7"]
[White "Zhao, Yuetong Davy"]
[Black "Chen, Philip X"]
[Result "1-0"]
[WhiteElo "1789"]
[BlackElo "1217"]
[PlyCount "43"]
[EventDate "2012.07.03"]
[EventType "swiss"]
[EventRounds "7"]
[EventCountry "CAN"]
[SourceTitle "EXT 2022"]
[Source "ChessBase"]
[SourceDate "2021.10.06"]
[SourceVersion "1"]
[SourceVersionDate "2021.10.06"]
[SourceQuality "1"]

1. e4 e5 2. Nf3 Nc6 3. Bc4 Bc5 4. c3 Nf6 5. d4 exd4 6. cxd4 Bb6 7. e5 Qe7 8. 0-0 Ng4 9. h3 Nh6 10. Re1 Qd8 11. d5 Nb4 12. Bg5 f6 13. exf6+ Kf7 14. Ne5+ Kf8 15. fxg7+ Kxg7 16. Bxd8 Rxd8 17. Qd2 Ba5 18. Qg5+ Kf8 19. Qxd8+ Kg7 20. Qe7+ Kg8 21. d6+ Kh8 22. Qf6# 1-0

[Event "Guelph Winter Pro-Am U2000"]
[Site "Guelph"]
[Date "2012.02.12"]
[Round "4"]
[White "Chen, Richard"]
[Black "Zhao, Yuetong Davy"]
[Result "0-1"]
[WhiteElo "1784"]
[BlackElo "1677"]
[PlyCount "128"]
[EventDate "2012.02.10"]
[EventType "swiss"]
[EventRounds "5"]
[EventCountry "CAN"]
[SourceTitle "EXT 2022"]
[Source "ChessBase"]
[SourceDate "2021.10.06"]
[SourceVersion "1"]
[SourceVersionDate "2021.10.06"]
[SourceQuality "1"]

1. e4 c5 2. Nf3 Nc6 3. d3 g6 4. g3 Bg7 5. Bg2 d6 6. 0-0 Bg4 7. Nbd2 Nf6 8. c3 b5 9. h3 Bxf3 10. Nxf3 e5 11. Re1 Nd7 12. Be3 Qb6 13. Qd2 0-0 14. Rad1 Nf6 15. Bh6 a5 16. Bxg7 Kxg7 17. d4 Rad8 18. d5 Ne7 19. Nh4 Ra8 20. Nf5+ gxf5 21. Qg5+ Ng6 22. exf5 h6 23. Qe3 Ne7 24. g4 Nh7 25. f6+ Nxf6 26. g5 Nh7 27. gxh6+ Kh8 28. b4 Rac8 29. f4 Ng6 30. bxc5 Qxc5 31. Qxc5 Rxc5 32. fxe5 Nxe5 33. Re3 Rfc8 34. Rb1 Rg8 35. Kh1 Rg6 36. Rf1 Rxh6 37. Kg1 Rf6 38. Be4 Rxf1+ 39. Kxf1 Nf6 40. Re2 Nxe4 41. Rxe4 Rxc3 42. Rh4+ Kg7 43. Rd4 Rxh3 44. Rd2 Rh1+ 45. Kg2 Rh2+ 46. Kxh2 Nf3+ 47. Kg3 Nxd2 48. Kf2 f5 49. Ke3 Nc4+ 50. Kf4 Kf6 51. Kf3 Ke5 52. Kg3 Ke4 53. Kf2 f4 54. Ke1 Ke3 55. Kf1 f3 56. a4 b4 57. Ke1 b3 58. Kf1 b2 59. Kg1 b1Q+ 60. Kh2 Kf2 61. Kh3 Qg6 62. Kh4 Ne5 63. Kh3 Qg4+ 64. Kh2 Qg2# 0-1

[Event "Guelph Winter Pro-Am U2000"]
[Site "Guelph"]
[Date "2012.02.10"]
[Round "1"]
[White "Bond, Hal"]
[Black "Zhao, Yuetong Davy"]
[Result "1/2-1/2"]
[WhiteElo "1815"]
[BlackElo "1677"]
[PlyCount "87"]
[EventDate "2012.02.10"]
[EventType "swiss"]
[EventRounds "5"]
[EventCountry "CAN"]
[SourceTitle "EXT 2022"]
[Source "ChessBase"]
[SourceDate "2021.10.06"]
[SourceVersion "1"]
[SourceVersionDate "2021.10.06"]
[SourceQuality "1"]

1. e4 g6 2. d4 Bg7 3. f4 c5 4. Nf3 d6 5. c3 Qb6 6. Be2 Bg4 7. 0-0 Bxf3 8. Bxf3 cxd4 9. Kh1 dxc3 10. Nxc3 Nc6 11. Nd5 Qd8 12. Be3 Qd7 13. Qd2 e6 14. Nc3 Rd8 15. Rad1 Nge7 16. Nb5 Nc8 17. f5 0-0 18. Bg5 f6 19. fxe6 Qxe6 20. Bf4 Ne5 21. Be2 a6 22. Nc7 Qf7 23. Bxe5 dxe5 24. Qxd8 Rxd8 25. Rxd8+ Bf8 26. Bg4 Qxc7 27. Be6+ Kh8 28. Rxf8+ Kg7 29. R1xf6 Nd6 30. Bd5 b5 31. h3 Qe7 32. Kh2 Qc7 33. Rf2 Kh6 34. h4 Qe7 35. g3 Nf5 36. Rf7 Qc5 37. Rf3 Qc2+ 38. Kh3 Qd1 39. R3xf5 gxf5 40. Rf6+ Kg7 41. Rf7+ Kh8 42. Rf8+ Kg7 43. Rf7+ Kh6 44. Rf6+ 1/2-1/2

[Event "Canadian op 48th"]
[Site "Toronto"]
[Date "2011.07.15"]
[Round "7"]
[White "Zhang, Yuanchen"]
[Black "Zhao, Yuetong Davy"]
[Result "1-0"]
[WhiteElo "1932"]
[BlackElo "1512"]
[PlyCount "100"]
[EventDate "2011.07.09"]
[EventType "swiss"]
[EventRounds "9"]
[EventCountry "CAN"]
[SourceTitle "EXT 2022"]
[Source "ChessBase"]
[SourceDate "2021.10.06"]
[SourceVersion "1"]
[SourceVersionDate "2021.10.06"]
[SourceQuality "1"]

1. d4 f5 2. e4 fxe4 3. Nc3 Nf6 4. Bg5 g6 5. Bc4 Bg7 6. Qe2 b5 7. Bxf6 Bxf6 8. Qxe4 c6 9. Bb3 Qb6 10. Nf3 d5 11. Qe3 a5 12. a4 b4 13. Ne2 Nd7 14. Nf4 e5 15. Nd3 e4 16. Nf4 Ba6 17. Rd1 0-0-0 18. Ng1 Rde8 19. Nge2 Rhf8 20. h4 Kb7 21. Qh3 Nb8 22. Ne6 Rf7 23. Nc5+ Kc7 24. Qg3+ Kc8 25. Qd6 Qc7 26. Qxc7+ Kxc7 27. Nf4 Kd6 28. g3 Bxd4 29. Nxa6 Bxb2 30. Nxb8 Rxb8 31. 0-0 Bc3 32. Ne2 Re7 33. Nxc3 bxc3 34. Rfe1 Kc5 35. Kg2 Rb4 36. f3 exf3+ 37. Kxf3 Rxe1 38. Rxe1 Rxb3 39. cxb3 Kb4 40. Ke3 Kxb3 41. Kd3 c5 42. Rb1+ Ka2 43. Rb5 c4+ 44. Kxc3 Ka3 45. Rxa5 d4+ 46. Kxc4 d3 47. Kxd3 Kb4 48. Ra8 Kc5 49. a5 Kc6 50. a6 Kc7 1-0

[Event "Canadian op 48th"]
[Site "Toronto"]
[Date "2011.07.13"]
[Round "5"]
[White "Pitre, Hanniegn G"]
[Black "Zhao, Yuetong Davy"]
[Result "0-1"]
[WhiteElo "1907"]
[BlackElo "1512"]
[PlyCount "64"]
[EventDate "2011.07.09"]
[EventType "swiss"]
[EventRounds "9"]
[EventCountry "CAN"]
[SourceTitle "EXT 2022"]
[Source "ChessBase"]
[SourceDate "2021.10.06"]
[SourceVersion "1"]
[SourceVersionDate "2021.10.06"]
[SourceQuality "1"]

1. e4 c5 2. Nc3 Nc6 3. f4 d6 4. Nf3 Qc7 5. Nd5 Qb8 6. d4 e6 7. dxc5 exd5 8. exd5 Nce7 9. Bb5+ Bd7 10. Bxd7+ Kxd7 11. cxd6 Qxd6 12. Ne5+ Ke8 13. c4 Nf6 14. Qa4+ Nd7 15. Bd2 a5 16. 0-0-0 f6 17. Bb4 b5 18. Bxd6 bxa4 19. Nc6 Nxc6 20. dxc6 Nb6 21. Rhe1+ Kf7 22. c5 Nc8 23. f5 Ra7 24. Re6 Be7 25. Bb8 Ra8 26. c7 Bxc5 27. Rd7+ Be7 28. Rexe7+ Nxe7 29. g4 Rc8 30. Kb1 Ke8 31. Rd4 Nc6 32. Rxa4 Nxb8 0-1